| 000 | 01648nam a22002537a 4500 | ||
|---|---|---|---|
| 999 |
_c62988 _d62988 |
||
| 003 | Ge_BSU | ||
| 005 | 20250423162818.0 | ||
| 008 | 250423s2008 ge ||||| |||| 00| 0 geo d | ||
| 020 | _a9789994052936 | ||
| 041 | _ageo | ||
| 080 | _a574(072) : 502.1(072) მ-50 | ||
| 245 |
_aმეთოდური მითითებანი ლაბორატორიული სამუშაოებისათვის საგანში ეკოლოგიისა და გარემოს დაცის საფუძვლები / _c[ბ. ბუცხრიკიძე, ც. თურქაძე, ვ. კვანტიძე, ნ. ცუცქირიძე] ; საქ. განათლ. და მეცნ. სამინ., აკ. წერეთლის სახელმწ. უნ-ტი. |
||
| 264 |
_aქუთაისი, _c2008. |
||
| 300 |
_a180გვ. : _bცხ. ; _c20სმ. |
||
| 504 | _aბიბლიოგრ.: გვ. 180. | ||
| 653 | _aეკოლოგია-მეთოდური სახელმძღვანელოები | ||
| 653 | _aგარემოს დაცვა | ||
| 700 |
_aბუცხრიკიძე, ბ. _eავტორი _923313 |
||
| 700 |
_aთურქაძე, ც. _eავტორი _923312 |
||
| 700 |
_a კვანტიძე, ვ. _eავტორი _924920 |
||
| 700 |
_aცუცქირიძე, ნ. _eავტორი _924921 |
||
| 710 |
_aსაქ. განათლ. და მეცნ. სამინ., აკ. წერეთლის სახელმწ. უნ-ტი _924922 |
||
| 942 |
_2udc _cᲬᲘᲒᲜᲘ |
||